| 000 | 00629nam a22002177a 4500 | ||
|---|---|---|---|
| 003 | DO-SdBNP | ||
| 005 | 20240417100538.0 | ||
| 008 | 220125b2019 ||||| |||| 00| 0 spa d | ||
| 020 | _a9789945220100 | ||
| 040 |
_aDO-SdBNP _bspa _cBNPHU |
||
| 082 |
_aRD861.44 _bN964c |
||
| 100 |
_aNuñez, Lorgio _969355 |
||
| 245 |
_aCrecimiento de linternas : _bcomplemento menticarnal / _cLorgio Nuñez |
||
| 260 |
_aSanto Domingo : _bBúho, _c2019 |
||
| 300 |
_a79 p. ; _c24 cm |
||
| 590 | _aInventariado, 2022 / DG | ||
| 650 |
_aPoesía dominicana _981006 |
||
| 650 | 0 |
_aLiteratura dominicana _981030 |
|
| 910 | _aDG | ||
| 942 |
_2ddc _cLBS1 |
||
| 999 |
_c51218 _d51218 |
||